| Tag |
First Indicator |
Second Indicator |
Subfields |
| LEADER |
00000cam a2200000 a 4500 |
| 001 |
in00001298549 |
| 005 |
20151005051008.0 |
| 008 |
951122s19950400txud tb 000 0 eng d |
| 027 |
|
|
|a FHWA/TX-95+1315-3F
|
| 035 |
|
|
|a (OCoLC)33669887
|
| 035 |
|
|
|9 AHA5268AM
|
| 040 |
|
|
|a CBT
|c CBT
|d TXA
|d UtOrBLW
|
| 049 |
|
|
|a TXAM
|
| 090 |
|
|
|a TA1001
|b .R48 no.1315-3F
|
| 245 |
0 |
0 |
|a Recycling contaminated spent blasting abrasives in Portland cement mortars using solifification/stabilization technology /
|c Bryan K. Salt [and others].
|
| 264 |
|
1 |
|a Austin, Tex. :
|b Center for Transportation Research, Bureau of Engineering Research, the University of Texas at Austin ;
|a [Springfield, Va.] :
|b [Available through the National Technical Information Service],
|c [1995]
|
| 300 |
|
|
|a x, 118 pages :
|b charts ;
|c 28 cm.
|
| 336 |
|
|
|a text
|b txt
|2 rdacontent
|
| 337 |
|
|
|a unmediated
|b n
|2 rdamedia
|
| 338 |
|
|
|a volume
|b nc
|2 rdacarrier
|
| 490 |
1 |
|
|a Research report ;
|v 1315-3F
|
| 513 |
|
|
|a Final report.
|
| 536 |
|
|
|a Sponsored by Texas Dept. of Transportation, Office of Researchand Technology Transfer in cooperation with the Federal Highway Administration.
|d 0-1315.
|
| 500 |
|
|
|a "April 1995."
|
| 650 |
|
0 |
|a Portland cement.
|
| 650 |
|
0 |
|a Lead based paint
|x Removal.
|
| 650 |
|
0 |
|a Hazardous wastes.
|
| 650 |
|
0 |
|a Waste products as road materials.
|
| 650 |
|
0 |
|a Mortar
|x Additives.
|
| 700 |
1 |
|
|a Salt, Bryan K.
|
| 710 |
1 |
|
|a Texas.
|b Department of Transportation.
|b Office of Research and Technology Transfer.
|
| 710 |
2 |
|
|a University of Texas at Austin.
|b Center for Transportation Research.
|
| 830 |
|
0 |
|a Research report (Austin, Tex.) ;
|v 1315-3F.
|
| 999 |
|
|
|a MARS
|
| 999 |
f |
f |
|s 2fc5fc7b-1cfb-30e6-bbea-4a51e20ec327
|i e12b846e-1b20-3eca-ae6a-bb7dc4060e81
|t 0
|
| 952 |
f |
f |
|p ric
|a Texas A&M University
|b Rellis Campus
|c Joint Library Facility
|d Remote Storage
|t 0
|e HE203 .T43 no.1315-3F
|h Library of Congress classification
|i unmediated -- volume
|m A14820028376
|
| 998 |
f |
f |
|a HE203 .T43 no.1315-3F
|t 0
|l Remote Storage
|